书目信息 |
| 题名: |
多瑙河畔
|
|
| 作者: | 温德尔 著 ;郑玲 译 | |
| 分册: | ||
| 出版信息: | 北京 中国人民大学出版社 2025.05 |
|
| 页数: | 13,614页 | |
| 开本: | 21cm | |
| 丛书名: | ||
| 单 册: | ||
| 中图分类: | K500.7 | |
| 科图分类: | ||
| 主题词: | ||
| 电子资源: | ||
| ISBN: | 978-7-300-33551-3 | |
| 000 | 01186nam0 2200277 450 | |
| 001 | 01013049 | |
| 005 | 20251022202248.91 | |
| 010 | @a978-7-300-33551-3@b精装@dCNY188.00 | |
| 100 | @a20250427d2025 em y0chiy0120 ea | |
| 101 | 1 | @achi@ceng |
| 102 | @aCN@b110000 | |
| 105 | @aa z 000yy | |
| 106 | @ar | |
| 200 | 1 | @a多瑙河畔@9duo nao he pan@e哈布斯堡欧洲史@dDanubia@ea personal history of Babsburg Europe@f(英)西蒙·温德尔(Simon Winder)著@g郑玲译@zeng |
| 210 | @a北京@c中国人民大学出版社@d2025.05 | |
| 215 | @a13,614页@c图,照片@d21cm | |
| 300 | @a漫步中欧历史三部曲 I 守望者 | |
| 330 | @a本书作者抓住了多瑙河和哈布斯堡家族二者在空间和时间上的联系,将它们融合在一起,摒弃传统的历史写作模式,带领读者沿着多瑙河走过哈布斯堡家族统治下的领土。他不仅呈现了著名的历史事件和历史人物,还展示了各地的风土人情,以及与人物相关的趣闻轶事。 | |
| 510 | 1 | @aDanubia@ea personal history of Babsburg Europe@zeng |
| 517 | 1 | @a哈布斯堡欧洲史@9ha bu si bao ou zhou shi |
| 607 | @a欧洲@x历史@x研究 | |
| 690 | @aK500.7@v5 | |
| 701 | 1 | @c(英)@a温德尔@9wen de er@g(Winder, Simon)@4著 |
| 702 | 0 | @a郑玲@9zheng ling@4译 |
| 801 | 0 | @aCN@c20250909 |
| 905 | @a河南城建学院图书馆@dK500.7@eW616@ZW616@f1 | |
| 多瑙河畔:哈布斯堡欧洲史=Danubia:a personal history of Babsburg Europe/(英)西蒙·温德尔(Simon Winder)著/郑玲译.-北京:中国人民大学出版社,2025.05 |
| 13,614页:图,照片;21cm |
| 漫步中欧历史三部曲 I 守望者 |
| ISBN 978-7-300-33551-3(精装):CNY188.00 |
| 本书作者抓住了多瑙河和哈布斯堡家族二者在空间和时间上的联系,将它们融合在一起,摒弃传统的历史写作模式,带领读者沿着多瑙河走过哈布斯堡家族统治下的领土。他不仅呈现了著名的历史事件和历史人物,还展示了各地的风土人情,以及与人物相关的趣闻轶事。 |
| ● |
| 相关链接 |
|
|
|
正题名:多瑙河畔
索取号:K500.7/W616
 
预约/预借
| 序号 | 登录号 | 条形码 | 馆藏地/架位号 | 状态 | 备注 |
| 1 | 1632152 | 216321521 | 社科库309/309社科库 40排3列2层/ [索取号:K500.7/W616] | 在馆 |